000 01234aam a2200409a 44500
008 031124s2003 cat
017 _aB-23105-2003
020 _a8439360754
041 _acat
041 _aspa
080 _a368(038)
245 _aTècnic/a administratiu/iva d'assegurances: català-castellà
245 _aTécnico/ca administrativo/va de seguros: castellà-català
260 _aBarcelona
260 _bGeneralitat de Catalunya. Departament de Treball, Indústria, Comerç i Turisme
260 _c2003
300 _a[6], [3]p.
_c24 cm.
490 _aGlossaris ocupacionals;
_v2. Assegurances i finances
500 _aCategoria gramatical
500 _btermcat
520 _aaprox. 180
591 _a8373
592 _aObra terminològica
593 _aNF
593 _aNZ
594 _a8373
650 _aassegurances
_961707
650 _aprofessions
_960470
700 _aRocamora Mirabet, T.
_971684
830 _aGlossaris ocupacionals;
_v2. Assegurances i finances
_971685
901 _c<2003>
902 _a031124
942 _cMO
_n0
999 _c62656
_d62656